000 00318nam a2200133Ia 4500
008 260604s9999 xx 000 0 und d
020 _a9781641725230
082 _a658.409 KIN
100 _aBen kinkaid
_935735
245 0 _aEssentials of Leadership
260 _bLarsen & Keller
500 _aLeadership
942 _cBK
999 _c8561
_d8561